| 000 | 00652nam a22001937a 4500 | ||
|---|---|---|---|
| 999 |
_c5699 _d5699 |
||
| 003 | AR-CdUCM | ||
| 008 | 190313b ||||| |||| 00| 0 spa d | ||
| 040 |
_aMUNICIPALIDAD PROVINCIAL DEL CUSCO _cBIBLIOTECA MUNICIPAL DEL CUSCO |
||
| 082 |
_a869.56 / _bZ55 |
||
| 100 |
_aZeballos Gámez, Horacio _916979 |
||
| 245 |
_aAlegrías de la prisión : _bset. / dic. 1979 / |
||
| 260 |
_aLima : _bObramundo, _c1980. |
||
| 300 |
_a42 páginas ; _c20 cm. |
||
| 500 | _aEscrito en la prisión durante los últimos meses del gobierno militar (set.-dic. 1979). | ||
| 650 |
_aPoesías peruanas _91481 |
||
| 650 |
_aSiglo XX _98 |
||
| 942 |
_2ddc _cLIBROS |
||
| 945 | _azta | ||